000
00333nam a2200157Ia 4500
005
20250603145247.0
008
250603s9999 xx 000 0 und d
050
_a
KP 35 .J34/
245
0
_a
Laws of Jigawa
260
_a
Lagos
260
_b
Alisak int ltd
260
_c
2000
300
_a
671 p
650
_a
Lagos
942
_c
BK
999
_c
41340
_d
41340